[Event "April 9 Early 2024"]
[Site "Chess.com"]
[Date "2024.04.09"]
[Round "9"]
[White "Guzman Lozano, Campo Elias"]
[Black "Yankelevich, Lev"]
[Result "1-0"]
[Board "128"]
[WhiteFideId "4403746"]
[BlackFideId "24684074"]
[WhiteTitle "CM"]
[BlackTitle "GM"]
[WhiteElo "2225"]
[BlackElo "2675"]
[WhiteTeam "COL"]
[BlackTeam "GER"]
[WhiteClock "0:00:59"]
[BlackClock "0:00:02"]
[Variant "Standard"]

1. d4 {[%clk 0:02:53]}  Nf6 {[%clk 0:02:58]} 2. Bg5 {[%clk 0:02:53]}  g6 {[%clk 0:02:56]} 3. Bxf6 {[%clk 0:02:52]}  exf6 {[%clk 0:02:56]} 4. e3 {[%clk 0:02:53]}  Bg7 {[%clk 0:02:57]} 5. c4 {[%clk 0:02:53]}  O-O {[%clk 0:02:58]} 6. Nc3 {[%clk 0:02:52]}  f5 {[%clk 0:02:58]} 7. g3 {[%clk 0:02:52]}  d6 {[%clk 0:02:58]} 8. Bg2 {[%clk 0:02:52]}  Nd7 {[%clk 0:02:59]} 9. Nge2 {[%clk 0:02:52]}  Nf6 {[%clk 0:02:59]} 10. O-O {[%clk 0:02:50]}  Re8 {[%clk 0:03:00]} 11. a4 {[%clk 0:02:47]}  h5 {[%clk 0:03:01]} 12. h4 {[%clk 0:02:46]}  Rb8 {[%clk 0:02:57]} 13. b4 {[%clk 0:02:45]}  Ng4 {[%clk 0:02:55]} 14. Qd2 {[%clk 0:02:40]}  g5 {[%clk 0:02:55]} 15. hxg5 {[%clk 0:02:38]}  Qxg5 {[%clk 0:02:56]} 16. Nf4 {[%clk 0:02:27]}  h4 {[%clk 0:02:53]} 17. Rae1 {[%clk 0:02:12]}  Qh6 {[%clk 0:02:46]} 18. Bf3 {[%clk 0:02:04]}  Bf6 {[%clk 0:02:39]} 19. Bxg4 {[%clk 0:02:03]}  fxg4 {[%clk 0:02:39]} 20. gxh4 {[%clk 0:01:53]}  Qxh4 {[%clk 0:02:38]} 21. Kg2 {[%clk 0:01:54]}  Bg7 {[%clk 0:02:05]} 22. Rh1 {[%clk 0:01:53]}  Qd8 {[%clk 0:02:05]} 23. Qd3 {[%clk 0:01:49]}  f5 {[%clk 0:01:55]} 24. Rh5 {[%clk 0:01:48]}  Bd7 {[%clk 0:01:48]} 25. Reh1 {[%clk 0:01:46]}  c6 {[%clk 0:01:38]} 26. Rxf5 {[%clk 0:01:45]}  Bxf5 {[%clk 0:01:32]} 27. Qxf5 {[%clk 0:01:45]}  Qf6 {[%clk 0:01:05]} 28. Qh7+ {[%clk 0:01:43]}  Kf7 {[%clk 0:00:58]} 29. Ne4 {[%clk 0:01:41]}  Rxe4 {[%clk 0:00:29]} 30. Qxe4 {[%clk 0:01:39]}  Re8 {[%clk 0:00:24]} 31. Qh7 {[%clk 0:01:39]}  Rh8 {[%clk 0:00:23]} 32. Qe4 {[%clk 0:01:30]}  Re8 {[%clk 0:00:16]} 33. Qd3 {[%clk 0:01:23]}  a5 {[%clk 0:00:13]} 34. b5 {[%clk 0:01:22]}  Rg8 {[%clk 0:00:09]} 35. Rh5 {[%clk 0:01:18]}  Ke7 {[%clk 0:00:07]} 36. Rf5 {[%clk 0:01:17]}  Qh6 {[%clk 0:00:07]} 37. Qe4+ {[%clk 0:01:16]}  Kd8 {[%clk 0:00:05]} 38. Rh5 {[%clk 0:01:16]}  Qf6 {[%clk 0:00:05]} 39. bxc6 {[%clk 0:01:09]}  bxc6 {[%clk 0:00:05]} 40. Qxc6 {[%clk 0:01:09]}  Re8 {[%clk 0:00:04]} 41. Rb5 {[%clk 0:01:02]}  Ke7 {[%clk 0:00:02]} 42. Nd5+ {[%clk 0:00:59]} 1-0

[Event "April 9 Early 2024"]
[Site "Chess.com"]
[Date "2024.04.09"]
[Round "9"]
[White "Melikhov, Evgeny V."]
[Black "Kotlyar, Kirill"]
[Result "0-1"]
[Board "129"]
[WhiteFideId "4122046"]
[BlackFideId "24145599"]
[WhiteTitle "FM"]
[BlackTitle "FM"]
[WhiteElo "2463"]
[BlackElo "2638"]
[WhiteTeam "GRE"]
[BlackTeam "RUS"]
[WhiteClock "0:00:15"]
[BlackClock "0:00:47"]
[Variant "Standard"]

1. d4 {[%clk 0:03:00]}  Nf6 {[%clk 0:02:59]} 2. c4 {[%clk 0:03:00]}  g6 {[%clk 0:03:00]} 3. Nc3 {[%clk 0:03:01]}  d5 {[%clk 0:03:00]} 4. cxd5 {[%clk 0:02:59]}  Nxd5 {[%clk 0:03:01]} 5. e4 {[%clk 0:02:59]}  Nxc3 {[%clk 0:03:00]} 6. bxc3 {[%clk 0:03:00]}  Bg7 {[%clk 0:03:01]} 7. Bc4 {[%clk 0:03:00]}  c5 {[%clk 0:02:46]} 8. Ne2 {[%clk 0:02:59]}  Nc6 {[%clk 0:02:25]} 9. Be3 {[%clk 0:02:58]}  O-O {[%clk 0:02:25]} 10. h4 {[%clk 0:02:56]}  cxd4 {[%clk 0:02:16]} 11. cxd4 {[%clk 0:02:55]}  Na5 {[%clk 0:02:16]} 12. Bd3 {[%clk 0:02:48]}  Nc6 {[%clk 0:02:10]} 13. Bc4 {[%clk 0:02:39]}  Qa5+ {[%clk 0:01:35]} 14. Kf1 {[%clk 0:02:38]}  h5 {[%clk 0:01:32]} 15. Qc1 {[%clk 0:02:23]}  Bd7 {[%clk 0:01:27]} 16. Bh6 {[%clk 0:02:22]}  Rac8 {[%clk 0:01:24]} 17. Bxg7 {[%clk 0:02:21]}  Kxg7 {[%clk 0:01:25]} 18. Qb2 {[%clk 0:02:09]}  e5 {[%clk 0:01:20]} 19. Bd5 {[%clk 0:01:51]}  Nb4 {[%clk 0:01:12]} 20. dxe5 {[%clk 0:01:35]}  Rc2 {[%clk 0:01:05]} 21. Qd4 {[%clk 0:01:34]}  Bb5 {[%clk 0:01:05]} 22. e6+ {[%clk 0:01:33]}  f6 {[%clk 0:01:02]} 23. e7 {[%clk 0:01:04]}  Re8 {[%clk 0:00:56]} 24. Re1 {[%clk 0:00:50]}  Bxe2+ {[%clk 0:00:50]} 25. Kg1 {[%clk 0:00:40]}  Nxd5 {[%clk 0:00:50]} 26. exd5 {[%clk 0:00:31]}  Qxe1+ {[%clk 0:00:49]} 27. Kh2 {[%clk 0:00:31]}  Qc3 {[%clk 0:00:46]} 28. Qxc3 {[%clk 0:00:21]}  Rxc3 {[%clk 0:00:47]} 29. d6 {[%clk 0:00:22]}  Rd3 {[%clk 0:00:47]} 30. Re1 {[%clk 0:00:19]}  Rxd6 {[%clk 0:00:46]} 31. Rxe2 {[%clk 0:00:15]}  Kf7 {[%clk 0:00:47]} 0-1

[Event "April 9 Early 2024"]
[Site "Chess.com"]
[Date "2024.04.09"]
[Round "9"]
[White "Shishkov, Andrei"]
[Black "Abrahams, Daniel"]
[Result "0-1"]
[Board "135"]
[WhiteFideId "4500563"]
[BlackFideId "2606879"]
[WhiteTitle "IM"]
[WhiteElo "2416"]
[BlackElo "2517"]
[WhiteTeam "EST"]
[BlackTeam "CAN"]
[WhiteClock "0:00:00"]
[BlackClock "0:00:28"]
[Variant "Standard"]

1. d4 {[%clk 0:03:00]}  Nf6 {[%clk 0:02:59]} 2. c4 {[%clk 0:03:00]}  e6 {[%clk 0:02:59]} 3. Nc3 {[%clk 0:03:01]}  d5 {[%clk 0:02:59]} 4. cxd5 {[%clk 0:03:00]}  exd5 {[%clk 0:03:00]} 5. Bg5 {[%clk 0:02:59]}  c6 {[%clk 0:03:00]} 6. e3 {[%clk 0:02:59]}  Be7 {[%clk 0:03:00]} 7. Bd3 {[%clk 0:02:59]}  Nbd7 {[%clk 0:03:00]} 8. Nge2 {[%clk 0:02:59]}  Nh5 {[%clk 0:02:51]} 9. Bxe7 {[%clk 0:02:58]}  Qxe7 {[%clk 0:02:52]} 10. O-O {[%clk 0:02:44]}  Ndf6 {[%clk 0:02:43]} 11. Qd2 {[%clk 0:02:21]}  O-O {[%clk 0:02:35]} 12. Rae1 {[%clk 0:02:20]}  Re8 {[%clk 0:02:32]} 13. Nf4 {[%clk 0:02:12]}  Bd7 {[%clk 0:02:11]} 14. Nxh5 {[%clk 0:01:49]}  Nxh5 {[%clk 0:02:12]} 15. e4 {[%clk 0:01:50]}  dxe4 {[%clk 0:02:09]} 16. Bxe4 {[%clk 0:01:19]}  Qh4 {[%clk 0:01:56]} 17. g3 {[%clk 0:01:15]}  Qf6 {[%clk 0:01:45]} 18. Bg2 {[%clk 0:00:44]}  Be6 {[%clk 0:01:33]} 19. d5 {[%clk 0:00:39]}  cxd5 {[%clk 0:01:29]} 20. Nxd5 {[%clk 0:00:39]}  Bxd5 {[%clk 0:01:29]} 21. Qxd5 {[%clk 0:00:32]}  g6 {[%clk 0:01:21]} 22. Qxb7 {[%clk 0:00:29]}  Reb8 {[%clk 0:01:20]} 23. Qe7 {[%clk 0:00:16]}  Qxb2 {[%clk 0:01:11]} 24. Bxa8 {[%clk 0:00:16]}  Rxa8 {[%clk 0:01:12]} 25. Qe2 {[%clk 0:00:14]}  Qb6 {[%clk 0:01:10]} 26. Rb1 {[%clk 0:00:13]}  Qa5 {[%clk 0:01:08]} 27. Rb5 {[%clk 0:00:12]}  Qa4 {[%clk 0:01:06]} 28. Rfb1 {[%clk 0:00:11]}  Rf8 {[%clk 0:01:02]} 29. R1b4 {[%clk 0:00:11]}  Qa3 {[%clk 0:01:01]} 30. Rb3 {[%clk 0:00:11]}  Qc1+ {[%clk 0:01:01]} 31. Kg2 {[%clk 0:00:11]}  Ng7 {[%clk 0:00:56]} 32. Rb7 {[%clk 0:00:08]}  a5 {[%clk 0:00:51]} 33. Re3 {[%clk 0:00:06]}  Nf5 {[%clk 0:00:46]} 34. Reb3 {[%clk 0:00:05]}  Nd4 {[%clk 0:00:45]} 35. Qe3 {[%clk 0:00:05]}  Qc6+ {[%clk 0:00:43]} 36. Kh3 {[%clk 0:00:04]}  Nxb3 {[%clk 0:00:42]} 37. Qxb3 {[%clk 0:00:05]}  a4 {[%clk 0:00:36]} 38. Qb5 {[%clk 0:00:05]}  Qe6+ {[%clk 0:00:35]} 39. Kg2 {[%clk 0:00:05]}  Qxa2 {[%clk 0:00:35]} 40. Ra7 {[%clk 0:00:04]}  a3 {[%clk 0:00:33]} 41. Qc5 {[%clk 0:00:02]}  Qe6 {[%clk 0:00:27]} 42. Rxa3 {[%clk 0:00:00]}  Rc8 {[%clk 0:00:28]} 0-1

[Event "April 9 Early 2024"]
[Site "Chess.com"]
[Date "2024.04.09"]
[Round "9"]
[White "Collins, Adam"]
[Black "Jimenez, Maria"]
[Result "0-1"]
[Board "137"]
[WhiteFideId "2512300"]
[BlackFideId "3843866"]
[WhiteTitle "CM"]
[BlackTitle "WFM"]
[WhiteElo "2500"]
[BlackElo "2304"]
[WhiteTeam "IRL"]
[BlackTeam "PER"]
[WhiteClock "0:00:24"]
[BlackClock "0:00:05"]
[Variant "Standard"]

1. Nf3 {[%clk 0:03:00]}  d5 {[%clk 0:02:57]} 2. e3 {[%clk 0:03:00]}  c5 {[%clk 0:02:56]} 3. b3 {[%clk 0:02:59]}  Nc6 {[%clk 0:02:54]} 4. Bb5 {[%clk 0:02:58]}  Bd7 {[%clk 0:02:51]} 5. Bb2 {[%clk 0:02:58]}  Nf6 {[%clk 0:02:49]} 6. O-O {[%clk 0:02:57]}  e6 {[%clk 0:02:34]} 7. Bxc6 {[%clk 0:02:52]}  Bxc6 {[%clk 0:02:33]} 8. Ne5 {[%clk 0:02:53]}  Rc8 {[%clk 0:02:32]} 9. f4 {[%clk 0:02:50]}  Be7 {[%clk 0:02:30]} 10. d3 {[%clk 0:02:50]}  O-O {[%clk 0:02:27]} 11. Nd2 {[%clk 0:02:49]}  Nd7 {[%clk 0:02:12]} 12. Nxc6 {[%clk 0:02:43]}  Rxc6 {[%clk 0:02:13]} 13. Qf3 {[%clk 0:02:40]}  Bf6 {[%clk 0:02:07]} 14. Bxf6 {[%clk 0:02:40]}  Qxf6 {[%clk 0:02:01]} 15. e4 {[%clk 0:02:36]}  Qd4+ {[%clk 0:01:49]} 16. Qf2 {[%clk 0:02:34]}  dxe4 {[%clk 0:01:48]} 17. Nxe4 {[%clk 0:02:30]}  Rd8 {[%clk 0:01:47]} 18. a4 {[%clk 0:02:23]}  Nf6 {[%clk 0:01:38]} 19. Nxf6+ {[%clk 0:02:22]}  Qxf6 {[%clk 0:01:37]} 20. Rae1 {[%clk 0:02:20]}  Qd4 {[%clk 0:01:36]} 21. Re4 {[%clk 0:02:18]}  Qxf2+ {[%clk 0:01:32]} 22. Kxf2 {[%clk 0:02:19]}  Kf8 {[%clk 0:01:31]} 23. Ke3 {[%clk 0:02:17]}  Rd4 {[%clk 0:01:30]} 24. f5 {[%clk 0:02:12]}  Rxe4+ {[%clk 0:01:16]} 25. Kxe4 {[%clk 0:02:13]}  Ke7 {[%clk 0:01:15]} 26. g4 {[%clk 0:02:09]}  f6 {[%clk 0:01:11]} 27. fxe6 {[%clk 0:02:06]}  Kxe6 {[%clk 0:01:12]} 28. h4 {[%clk 0:02:02]}  Rd6 {[%clk 0:01:09]} 29. Rf5 {[%clk 0:01:55]}  Rd4+ {[%clk 0:01:05]} 30. Kf3 {[%clk 0:01:54]}  b6 {[%clk 0:01:05]} 31. Kg3 {[%clk 0:01:44]}  g6 {[%clk 0:01:01]} 32. Rf2 {[%clk 0:01:43]}  Rd5 {[%clk 0:00:48]} 33. Kf3 {[%clk 0:01:35]}  f5 {[%clk 0:00:46]} 34. g5 {[%clk 0:01:34]}  Re5 {[%clk 0:00:43]} 35. Rf1 {[%clk 0:01:33]}  Kd5 {[%clk 0:00:43]} 36. h5 {[%clk 0:01:27]}  Kd4 {[%clk 0:00:39]} 37. Rf2 {[%clk 0:01:16]}  Kc3 {[%clk 0:00:28]} 38. Rh2 {[%clk 0:01:16]}  gxh5 {[%clk 0:00:23]} 39. Kf4 {[%clk 0:01:15]}  Re1 {[%clk 0:00:12]} 40. Rxh5 {[%clk 0:01:14]}  Rf1+ {[%clk 0:00:12]} 41. Ke5 {[%clk 0:01:14]}  Kxc2 {[%clk 0:00:11]} 42. Rxh7 {[%clk 0:01:14]}  Kxb3 {[%clk 0:00:10]} 43. Rxa7 {[%clk 0:01:13]}  Kc3 {[%clk 0:00:07]} 44. Rb7 {[%clk 0:01:10]}  Kxd3 {[%clk 0:00:06]} 45. Rxb6 {[%clk 0:01:11]}  c4 {[%clk 0:00:06]} 46. g6 {[%clk 0:01:11]}  c3 {[%clk 0:00:06]} 47. g7 {[%clk 0:01:10]}  Rg1 {[%clk 0:00:07]} 48. Kf6 {[%clk 0:00:54]}  c2 {[%clk 0:00:06]} 49. Rd6+ {[%clk 0:00:52]}  Kc3 {[%clk 0:00:06]} 50. Rc6+ {[%clk 0:00:50]}  Kb3 {[%clk 0:00:07]} 51. a5 {[%clk 0:00:50]}  f4 {[%clk 0:00:05]} 52. a6 {[%clk 0:00:43]}  f3 {[%clk 0:00:05]} 53. a7 {[%clk 0:00:42]}  f2 {[%clk 0:00:06]} 54. a8=Q {[%clk 0:00:39]}  f1=Q+ {[%clk 0:00:06]} 55. Ke6 {[%clk 0:00:35]}  Rg6+ {[%clk 0:00:06]} 56. Kd7 {[%clk 0:00:31]}  Qf7+ {[%clk 0:00:06]} 57. Kc8 {[%clk 0:00:28]}  Qe8+ {[%clk 0:00:06]} 58. Kc7 {[%clk 0:00:28]}  Rxc6+ {[%clk 0:00:04]} 59. Qxc6 {[%clk 0:00:27]}  Qxc6+ {[%clk 0:00:05]} 60. Kxc6 {[%clk 0:00:28]}  c1=Q+ {[%clk 0:00:05]} 61. Kd7 {[%clk 0:00:24]}  Qg5 {[%clk 0:00:05]} 0-1

[Event "April 9 Early 2024"]
[Site "Chess.com"]
[Date "2024.04.09"]
[Round "9"]
[White "Chemin, Vitorio"]
[Black "Gutierrez Olivares, Daniel"]
[Result "0-1"]
[Board "138"]
[WhiteFideId "2100509"]
[BlackFideId "2264005"]
[WhiteTitle "FM"]
[BlackTitle "FM"]
[WhiteElo "2045"]
[BlackElo "2492"]
[WhiteTeam "BRA"]
[BlackTeam "ESP"]
[WhiteClock "0:00:00"]
[BlackClock "0:00:14"]
[Variant "Standard"]

1. Nf3 {[%clk 0:02:59]}  Nf6 {[%clk 0:02:55]} 2. d4 {[%clk 0:02:59]}  d6 {[%clk 0:02:55]} 3. Bf4 {[%clk 0:02:58]}  Nbd7 {[%clk 0:02:56]} 4. Nc3 {[%clk 0:02:57]}  c5 {[%clk 0:02:57]} 5. e3 {[%clk 0:02:55]}  g6 {[%clk 0:02:57]} 6. h3 {[%clk 0:02:51]}  Bg7 {[%clk 0:02:57]} 7. Be2 {[%clk 0:02:51]}  O-O {[%clk 0:02:57]} 8. O-O {[%clk 0:02:51]}  a6 {[%clk 0:02:58]} 9. a4 {[%clk 0:02:50]}  b6 {[%clk 0:02:56]} 10. Bh2 {[%clk 0:02:39]}  Bb7 {[%clk 0:02:57]} 11. Bd3 {[%clk 0:02:38]}  Rc8 {[%clk 0:02:57]} 12. Qe2 {[%clk 0:02:31]}  Nb8 {[%clk 0:02:53]} 13. Rfe1 {[%clk 0:02:10]}  Qd7 {[%clk 0:02:47]} 14. e4 {[%clk 0:02:03]}  cxd4 {[%clk 0:02:30]} 15. Nxd4 {[%clk 0:02:01]}  Rfd8 {[%clk 0:02:28]} 16. e5 {[%clk 0:01:50]}  dxe5 {[%clk 0:02:25]} 17. Bxe5 {[%clk 0:01:49]}  Nh5 {[%clk 0:02:22]} 18. Bxg7 {[%clk 0:01:42]}  Kxg7 {[%clk 0:02:19]} 19. Qxe7 {[%clk 0:01:39]}  Qxe7 {[%clk 0:01:19]} 20. Rxe7 {[%clk 0:01:35]}  Bxg2 {[%clk 0:01:15]} 21. Kxg2 {[%clk 0:00:51]}  Rxd4 {[%clk 0:01:12]} 22. Ne2 {[%clk 0:00:48]}  Rd6 {[%clk 0:01:06]} 23. f4 {[%clk 0:00:33]}  Nc6 {[%clk 0:00:48]} 24. Rb7 {[%clk 0:00:32]}  Nb4 {[%clk 0:00:44]} 25. Rd1 {[%clk 0:00:28]}  Re8 {[%clk 0:00:36]} 26. Kf3 {[%clk 0:00:17]}  Red8 {[%clk 0:00:20]} 27. b3 {[%clk 0:00:10]}  Nxd3 {[%clk 0:00:18]} 28. cxd3 {[%clk 0:00:10]}  Rxd3+ {[%clk 0:00:19]} 29. Rxd3 {[%clk 0:00:10]}  Rxd3+ {[%clk 0:00:20]} 30. Ke4 {[%clk 0:00:10]}  Rxb3 {[%clk 0:00:21]} 31. Nd4 {[%clk 0:00:10]}  Nf6+ {[%clk 0:00:21]} 32. Ke5 {[%clk 0:00:09]}  Re3+ {[%clk 0:00:21]} 33. Kd6 {[%clk 0:00:09]}  Rd3 {[%clk 0:00:21]} 34. Ke5 {[%clk 0:00:08]}  Re3+ {[%clk 0:00:20]} 35. Kd6 {[%clk 0:00:06]}  Re4 {[%clk 0:00:19]} 36. Nc6 {[%clk 0:00:04]}  b5 {[%clk 0:00:16]} 37. Ne5 {[%clk 0:00:04]}  Ne8+ {[%clk 0:00:14]} 38. Kd5 {[%clk 0:00:00]}  Rxf4 {[%clk 0:00:14]} 0-1

[Event "April 9 Early 2024"]
[Site "Chess.com"]
[Date "2024.04.09"]
[Round "9"]
[White "Mikhailovsky, Vladimir"]
[Black "Caku, Kler"]
[Result "1-0"]
[Board "139"]
[WhiteFideId "34105414"]
[BlackFideId "4704703"]
[WhiteTitle "CM"]
[BlackTitle "WCM"]
[WhiteElo "2755"]
[BlackElo "2221"]
[WhiteTeam "RUS"]
[BlackTeam "ALB"]
[WhiteClock "0:00:23"]
[BlackClock "0:00:00"]
[Variant "Standard"]

1. e4 {[%clk 0:03:00]}  e5 {[%clk 0:03:00]} 2. f3 {[%clk 0:03:01]}  Nc6 {[%clk 0:02:55]} 3. f4 {[%clk 0:03:00]}  exf4 {[%clk 0:02:55]} 4. Nf3 {[%clk 0:02:59]}  d6 {[%clk 0:02:53]} 5. d4 {[%clk 0:02:58]}  Be7 {[%clk 0:02:53]} 6. Bxf4 {[%clk 0:02:57]}  Nf6 {[%clk 0:02:50]} 7. Nc3 {[%clk 0:02:57]}  O-O {[%clk 0:02:43]} 8. Bd3 {[%clk 0:02:57]}  Nb4 {[%clk 0:02:36]} 9. O-O {[%clk 0:02:54]}  Nxd3 {[%clk 0:02:36]} 10. Qxd3 {[%clk 0:02:55]}  h6 {[%clk 0:02:29]} 11. Rae1 {[%clk 0:02:55]}  Nh7 {[%clk 0:02:23]} 12. e5 {[%clk 0:02:45]}  dxe5 {[%clk 0:02:19]} 13. Nxe5 {[%clk 0:02:45]}  Bg5 {[%clk 0:02:15]} 14. Bg3 {[%clk 0:02:42]}  c6 {[%clk 0:01:33]} 15. Ne4 {[%clk 0:02:33]}  Be7 {[%clk 0:01:26]} 16. Bf4 {[%clk 0:02:16]}  Ng5 {[%clk 0:01:11]} 17. Ng3 {[%clk 0:02:02]}  Ne6 {[%clk 0:01:07]} 18. Be3 {[%clk 0:02:02]}  Bf6 {[%clk 0:01:00]} 19. Qe4 {[%clk 0:01:45]}  Bg5 {[%clk 0:00:37]} 20. Bf2 {[%clk 0:01:03]}  Qd5 {[%clk 0:00:20]} 21. c4 {[%clk 0:00:46]}  Qxe4 {[%clk 0:00:14]} 22. Nxe4 {[%clk 0:00:46]}  Be7 {[%clk 0:00:13]} 23. d5 {[%clk 0:00:42]}  cxd5 {[%clk 0:00:13]} 24. cxd5 {[%clk 0:00:43]}  Ng5 {[%clk 0:00:14]} 25. d6 {[%clk 0:00:43]}  Bd8 {[%clk 0:00:11]} 26. d7 {[%clk 0:00:42]}  Bxd7 {[%clk 0:00:07]} 27. Nxd7 {[%clk 0:00:41]}  Re8 {[%clk 0:00:07]} 28. Nd6 {[%clk 0:00:35]}  Rxe1 {[%clk 0:00:06]} 29. Rxe1 {[%clk 0:00:36]}  Ne6 {[%clk 0:00:06]} 30. Nxb7 {[%clk 0:00:34]}  Be7 {[%clk 0:00:03]} 31. Ndc5 {[%clk 0:00:33]}  Rb8 {[%clk 0:00:01]} 32. Nxe6 {[%clk 0:00:30]}  fxe6 {[%clk 0:00:01]} 33. Nc5 {[%clk 0:00:24]}  Bxc5 {[%clk 0:00:01]} 34. Bxc5 {[%clk 0:00:23]}  Rxb2 {[%clk 0:00:02]} 35. a3 {[%clk 0:00:22]}  Ra2 {[%clk 0:00:03]} 36. Rxe6 {[%clk 0:00:21]}  Kf7 {[%clk 0:00:02]} 37. Re7+ {[%clk 0:00:22]}  Kf6 {[%clk 0:00:03]} 38. Rxa7 {[%clk 0:00:23]}  Ra1+ {[%clk 0:00:03]} 39. Kf2 {[%clk 0:00:23]}  Ra2+ {[%clk 0:00:04]} 40. Kf3 {[%clk 0:00:23]}  Ra1 {[%clk 0:00:00]} 41. Bd4+ {[%clk 0:00:23]} 1-0

[Event "April 9 Early 2024"]
[Site "Chess.com"]
[Date "2024.04.10"]
[Round "9"]
[White "Bynum, Jacorey"]
[Black "Wu, Derek"]
[Result "0-1"]
[Board "140"]
[WhiteFideId "39927644"]
[BlackFideId "30914558"]
[BlackTitle "FM"]
[WhiteElo "2397"]
[BlackElo "2637"]
[WhiteTeam "USA"]
[BlackTeam "USA"]
[WhiteClock "0:00:35"]
[BlackClock "0:00:07"]
[Variant "Standard"]

1. e4 {[%clk 0:03:00]}  e5 {[%clk 0:02:58]} 2. Nf3 {[%clk 0:03:01]}  Nc6 {[%clk 0:02:59]} 3. d4 {[%clk 0:03:01]}  exd4 {[%clk 0:02:59]} 4. Nxd4 {[%clk 0:03:02]}  Nf6 {[%clk 0:02:59]} 5. Nxc6 {[%clk 0:02:59]}  bxc6 {[%clk 0:03:00]} 6. Bd3 {[%clk 0:03:00]}  d5 {[%clk 0:02:56]} 7. exd5 {[%clk 0:03:01]}  cxd5 {[%clk 0:02:57]} 8. O-O {[%clk 0:03:02]}  Be7 {[%clk 0:02:56]} 9. c4 {[%clk 0:03:02]}  d4 {[%clk 0:02:48]} 10. b4 {[%clk 0:03:02]}  O-O {[%clk 0:02:42]} 11. b5 {[%clk 0:03:02]}  a6 {[%clk 0:02:41]} 12. a4 {[%clk 0:03:01]}  axb5 {[%clk 0:02:41]} 13. cxb5 {[%clk 0:03:01]}  Bb7 {[%clk 0:02:39]} 14. Nd2 {[%clk 0:02:43]}  Qd5 {[%clk 0:02:36]} 15. Nf3 {[%clk 0:02:42]}  c5 {[%clk 0:02:28]} 16. bxc6 {[%clk 0:02:33]}  Bxc6 {[%clk 0:02:28]} 17. Re1 {[%clk 0:02:27]}  Bb4 {[%clk 0:02:21]} 18. Bd2 {[%clk 0:02:23]}  Bxd2 {[%clk 0:02:15]} 19. Qxd2 {[%clk 0:02:23]}  Bxa4 {[%clk 0:02:10]} 20. Re5 {[%clk 0:02:07]}  Qd6 {[%clk 0:02:09]} 21. Ra5 {[%clk 0:01:50]}  Bc6 {[%clk 0:02:08]} 22. Ne5 {[%clk 0:01:43]}  Rxa5 {[%clk 0:02:00]} 23. Qxa5 {[%clk 0:01:39]}  Bb7 {[%clk 0:01:39]} 24. Qb5 {[%clk 0:01:36]}  Qd5 {[%clk 0:01:27]} 25. Qxd5 {[%clk 0:01:33]}  Nxd5 {[%clk 0:01:28]} 26. f3 {[%clk 0:01:34]}  f6 {[%clk 0:01:19]} 27. Nd7 {[%clk 0:01:27]}  Rc8 {[%clk 0:01:15]} 28. Ra4 {[%clk 0:01:23]}  Rc1+ {[%clk 0:00:58]} 29. Kf2 {[%clk 0:01:23]}  Bc6 {[%clk 0:00:46]} 30. Rxd4 {[%clk 0:01:12]}  Kf7 {[%clk 0:00:33]} 31. Be4 {[%clk 0:01:10]}  Ne7 {[%clk 0:00:26]} 32. Bxc6 {[%clk 0:01:06]}  Nxc6 {[%clk 0:00:27]} 33. Rd2 {[%clk 0:01:07]}  h5 {[%clk 0:00:26]} 34. Nb6 {[%clk 0:01:06]}  Ne5 {[%clk 0:00:26]} 35. Nd7 {[%clk 0:01:01]}  Nc4 {[%clk 0:00:25]} 36. Re2 {[%clk 0:00:59]}  Nd6 {[%clk 0:00:20]} 37. Nb6 {[%clk 0:00:57]}  Nf5 {[%clk 0:00:19]} 38. Nd5 {[%clk 0:00:57]}  h4 {[%clk 0:00:19]} 39. g4 {[%clk 0:00:53]}  hxg3+ {[%clk 0:00:18]} 40. hxg3 {[%clk 0:00:54]}  Rh1 {[%clk 0:00:18]} 41. Kg2 {[%clk 0:00:51]}  Ra1 {[%clk 0:00:16]} 42. g4 {[%clk 0:00:51]}  Nh4+ {[%clk 0:00:16]} 43. Kg3 {[%clk 0:00:51]}  g5 {[%clk 0:00:16]} 44. Re7+ {[%clk 0:00:42]}  Kg6 {[%clk 0:00:15]} 45. Re6 {[%clk 0:00:43]}  Rg1+ {[%clk 0:00:12]} 46. Kf2 {[%clk 0:00:41]}  Rg2+ {[%clk 0:00:12]} 47. Kf1 {[%clk 0:00:41]}  Kg7 {[%clk 0:00:10]} 48. Rxf6 {[%clk 0:00:40]}  Ra2 {[%clk 0:00:09]} 49. Rc6 {[%clk 0:00:37]}  Ra1+ {[%clk 0:00:08]} 50. Kf2 {[%clk 0:00:37]}  Ra2+ {[%clk 0:00:09]} 51. Ke3 {[%clk 0:00:35]}  Ra3+ {[%clk 0:00:09]} 52. Ke4 {[%clk 0:00:35]}  Ra4+ {[%clk 0:00:09]} 53. Ke5 {[%clk 0:00:31]}  Nxf3+ {[%clk 0:00:05]} 54. Ke6 {[%clk 0:00:31]}  Nd4+ {[%clk 0:00:05]} 55. Kd6 {[%clk 0:00:31]}  Nxc6 {[%clk 0:00:05]} 56. Kxc6 {[%clk 0:00:32]}  Rxg4 {[%clk 0:00:04]} 57. Kd6 {[%clk 0:00:32]}  Rd4 {[%clk 0:00:04]} 58. Ke5 {[%clk 0:00:32]}  Rxd5+ {[%clk 0:00:04]} 59. Kxd5 {[%clk 0:00:33]}  Kg6 {[%clk 0:00:04]} 60. Ke4 {[%clk 0:00:34]}  Kh5 {[%clk 0:00:05]} 61. Kf3 {[%clk 0:00:34]}  Kh4 {[%clk 0:00:06]} 62. Kg2 {[%clk 0:00:34]}  Kg4 {[%clk 0:00:06]} 63. Kh2 {[%clk 0:00:35]}  Kf3 {[%clk 0:00:07]} 64. Kg1 {[%clk 0:00:36]}  Kg3 {[%clk 0:00:07]} 65. Kf1 {[%clk 0:00:35]}  Kh2 {[%clk 0:00:07]} 0-1

[Event "April 9 Early 2024"]
[Site "Chess.com"]
[Date "2024.04.09"]
[Round "9"]
[White "Belov, Alexei"]
[Black "Matveeva, Olga"]
[Result "0-1"]
[Board "144"]
[WhiteFideId "4128206"]
[BlackFideId "24107018"]
[WhiteTitle "IM"]
[BlackTitle "WIM"]
[WhiteElo "2529"]
[BlackElo "2359"]
[WhiteTeam "RUS"]
[BlackTeam "RUS"]
[WhiteClock "0:00:51"]
[BlackClock "0:01:15"]
[Variant "Standard"]

1. e4 {[%clk 0:03:00]}  c6 {[%clk 0:02:59]} 2. d4 {[%clk 0:03:00]}  d5 {[%clk 0:03:00]} 3. Nd2 {[%clk 0:03:00]}  dxe4 {[%clk 0:02:59]} 4. Nxe4 {[%clk 0:03:00]}  Nf6 {[%clk 0:02:59]} 5. Nxf6+ {[%clk 0:02:58]}  exf6 {[%clk 0:03:00]} 6. c3 {[%clk 0:02:59]}  Bd6 {[%clk 0:03:00]} 7. Bd3 {[%clk 0:02:59]}  O-O {[%clk 0:03:00]} 8. Ne2 {[%clk 0:02:59]}  Re8 {[%clk 0:03:00]} 9. Qc2 {[%clk 0:03:00]}  h5 {[%clk 0:03:00]} 10. Be3 {[%clk 0:03:00]}  Nd7 {[%clk 0:02:58]} 11. O-O-O {[%clk 0:02:59]}  Nf8 {[%clk 0:02:58]} 12. c4 {[%clk 0:02:59]}  Be6 {[%clk 0:02:43]} 13. Nc3 {[%clk 0:02:59]}  Rc8 {[%clk 0:02:36]} 14. c5 {[%clk 0:02:59]}  Be7 {[%clk 0:02:33]} 15. Kb1 {[%clk 0:02:42]}  b5 {[%clk 0:02:25]} 16. Be4 {[%clk 0:02:32]}  b4 {[%clk 0:02:21]} 17. d5 {[%clk 0:02:32]}  cxd5 {[%clk 0:02:13]} 18. Nxd5 {[%clk 0:02:30]}  Qa5 {[%clk 0:02:11]} 19. Nxe7+ {[%clk 0:02:20]}  Rxe7 {[%clk 0:02:12]} 20. Bd5 {[%clk 0:02:17]}  g6 {[%clk 0:01:31]} 21. Qc4 {[%clk 0:01:50]}  Bf5+ {[%clk 0:01:26]} 22. Ka1 {[%clk 0:01:48]}  Ne6 {[%clk 0:01:22]} 23. c6 {[%clk 0:01:38]}  Nc7 {[%clk 0:01:17]} 24. Bf3 {[%clk 0:00:51]}  Be6 {[%clk 0:01:15]} 0-1